Vecindad y conflicto: una perspectiva de las relaciones entre Colombia y Ecuador /
Este artículo analiza el desarrollo de las relaciones entre Colombia y Ecuador desde una perspectiva del espacio, la frontera y el conflicto armado. Para lo cual se recurren a elementos históricos, pero también se hace mención a la formación de las primeras organizaciones armadas y sus repercusiones...
Uloženo v:
| Hlavní autor: | |
|---|---|
| Médium: | Text |
| Témata: | |
| Tagy: |
Přidat tag
Žádné tagy, Buďte první, kdo vytvoří štítek k tomuto záznamu!
|
MARC
| LEADER | 00000 a a2200000 04500 | ||
|---|---|---|---|
| 001 | 42761 | ||
| 003 | |||
| 040 | |||
| 100 | |a Ostos Cetina, María del Pilar | ||
| 245 | |a Vecindad y conflicto: |b una perspectiva de las relaciones entre Colombia y Ecuador / |c María del Pilar Ostos Cetina | ||
| 500 | |a mpostos@yahoo.com | ||
| 520 | |a Este artículo analiza el desarrollo de las relaciones entre Colombia y Ecuador desde una perspectiva del espacio, la frontera y el conflicto armado. Para lo cual se recurren a elementos históricos, pero también se hace mención a la formación de las primeras organizaciones armadas y sus repercusiones en el ámbito del desarrollo del Estado colombiano y de su relación con los países vecinos; lo que ha dado lugar a Colombia a la formación de un modelo de fragmentación territorial heredado de la época precolombina y virreinal, que durante los siglos XX y XXI se ha transformado en un tipo de conflicto armado o de guerra civil, como consecuencia de una disputa por el control político del territorio colombiano y de sus recursos naturales. | ||
| 590 | |a SJB/MARZO2012 | ||
| 650 | |a 1.CONFLICTO POLITICO | ||
| 650 | |a 2.GUERRA CIVIL | ||
| 650 | |a 3.FRONTERAS | ||
| 650 | |a 4.VIOLENCIA | ||
| 650 | |a 5.BASES MILITARES | ||
| 650 | |a 6.COLOMBIA | ||
| 650 | |a 7.ECUADOR | ||
| 773 | |g número50 ( , 2010), páginas 39-57 | ||
| 999 | |c 38588 |d 38588 | ||
